000 00606nam a2200229Ia 4500
003 OSt
005 20220916111057.0
006 a|||||r|||| 00| 0
007 ta
008 220915b |||||||| |||| 00| 0 eng d
024 _a248577
037 _cTextbook
040 _beng
_aARTS
_cARTS
041 _aeng
082 _aO111,1:y8, M1
100 _aHollander John
245 0 _aRhyme's reason : a guide to english verse
260 _aNew Haven
_b Yele University Press U.S.A
300 _a54p.
_ccm.
942 _hO111,1:y8, M1
_cTB
_2CC
999 _c105078
_d105078